[Event "CZE-chT2B 1920"]
[Site "Czech Republic"]
[Date "2019.12.01"]
[Round "4.3"]
[White "Michalek, Jan"]
[Black "Haman, Jakub"]
[Result "1/2-1/2"]
[WhiteElo "2252"]
[BlackElo "2220"]
[PlyCount "62"]
[EventDate "2019.10.13"]
[EventType "team-tourn"]
[EventRounds "11"]
[EventCountry "CZE"]
[SourceTitle "EXT 2024"]
[Source "ChessBase"]
[SourceDate "2023.10.10"]
[SourceVersion "1"]
[SourceVersionDate "2023.10.10"]
[SourceQuality "1"]
[WhiteTeam "Podborany"]
[BlackTeam "Kladno"]
[WhiteTeamCountry "CZE"]
[BlackTeamCountry "CZE"]

1. Nf3 Nf6 2. c4 e6 3. g3 d5 4. Bg2 Be7 5. 0-0 0-0 6. b3 b6 7. Bb2 Bb7 8. e3 c5 9. Nc3 Nc6 10. cxd5 Nxd5 11. Nxd5 Qxd5 12. d4 Rad8 13. Ne5 Qd6 14. dxc5 Qxc5 15. Nd7 Qf5 16. Rc1 Bc5 17. Nxf8 Rxd1 18. Rfxd1 Kxf8 19. Rd7 Bc8 20. Rc7 Ne7 21. Rxa7 Qd3 22. Bd4 Qd2 23. Rc4 Qd1+ 24. Bf1 Qf3 25. Bg2 Qd1+ 26. Bf1 Qf3 27. b4 Bd6 28. Bg2 Qd1+ 29. Bf1 Qf3 30. Bg2 Qd1+ 31. Bf1 Qf3 1/2-1/2

[Event "CZE-chT2B 1920"]
[Site "Czech Republic"]
[Date "2019.10.13"]
[Round "1.3"]
[White "Haman, Jakub"]
[Black "Formanek, Martin"]
[Result "1-0"]
[WhiteElo "2220"]
[BlackElo "2222"]
[PlyCount "61"]
[EventDate "2019.10.13"]
[EventType "team-tourn"]
[EventRounds "11"]
[EventCountry "CZE"]
[SourceTitle "EXT 2024"]
[Source "ChessBase"]
[SourceDate "2023.10.10"]
[SourceVersion "1"]
[SourceVersionDate "2023.10.10"]
[SourceQuality "1"]
[WhiteTeam "Kladno"]
[BlackTeam "Kobylisy"]
[WhiteTeamCountry "CZE"]
[BlackTeamCountry "CZE"]

1. e4 c5 2. Nf3 d6 3. d4 cxd4 4. Nxd4 Nf6 5. Nc3 a6 6. Bg5 Nbd7 7. f4 Qc7 8. f5 b5 9. Bxf6 Nxf6 10. Qf3 Bb7 11. 0-0-0 g6 12. g4 Bg7 13. g5 Nd7 14. Nd5 Bxd5 15. exd5 Bxd4 16. Rxd4 Rc8 17. Qf2 Ne5 18. Bh3 Qa7 19. Rhd1 Rc5 20. R1d2 Qc7 21. f6 h6 22. Rh4 h5 23. Re4 0-0 24. Rxe5 dxe5 25. fxe7 Re8 26. d6 Rxc2+ 27. Rxc2 Qxd6 28. Qf6 Qd4 29. Rc3 b4 30. Be6 Qf4+ 31. Qxf4 1-0

[Event "CZE-chT2A 1718"]
[Site "Czech Republic"]
[Date "2017.10.15"]
[Round "1.5"]
[White "Kovar, Josef"]
[Black "Haman, Jakub"]
[Result "0-1"]
[WhiteElo "2057"]
[BlackElo "2215"]
[PlyCount "47"]
[EventDate "2017.10.15"]
[EventType "team-tourn"]
[EventRounds "11"]
[EventCountry "CZE"]
[SourceTitle "EXT 2022"]
[Source "ChessBase"]
[SourceDate "2021.10.06"]
[SourceVersion "1"]
[SourceVersionDate "2021.10.06"]
[SourceQuality "1"]
[WhiteTeam "Praha Smichov"]
[BlackTeam "Kladno"]
[WhiteTeamCountry "CZE"]
[BlackTeamCountry "CZE"]

1. b3 d5 2. Bb2 Nc6 3. Nf3 Bg4 4. e3 e5 5. h3 Bxf3 6. Qxf3 g6 7. Bb5 Bg7 8. Bxc6+ bxc6 9. Qe2 Ne7 10. f4 Nf5 11. Qa6 Qh4+ 12. Kd1 0-0 13. Bxe5 Bxe5 14. fxe5 Ng3 15. Re1 Qh5+ 16. Kc1 Qxe5 17. d4 Qd6 18. c4 Rfe8 19. Nc3 Nf5 20. cxd5 Qg3 21. Kd2 Rxe3 22. Qxc6 Rd3+ 23. Ke2 Qe3+ 24. Kf1 0-1

[Event "CZE-chT2A 1617"]
[Site "Czech Republic"]
[Date "2016.10.30"]
[Round "2.5"]
[White "Haman, Jakub"]
[Black "Ptacnik, Stanislav"]
[Result "1-0"]
[WhiteElo "2208"]
[BlackElo "2034"]
[PlyCount "81"]
[EventDate "2016.10.09"]
[EventType "team-tourn"]
[EventRounds "11"]
[EventCountry "CZE"]
[SourceTitle "EXT 2022"]
[Source "ChessBase"]
[SourceDate "2021.10.06"]
[SourceVersion "1"]
[SourceVersionDate "2021.10.06"]
[SourceQuality "1"]
[WhiteTeam "Kladno"]
[BlackTeam "Domazlice"]
[WhiteTeamCountry "CZE"]
[BlackTeamCountry "CZE"]

1. e4 e5 2. Nf3 Nc6 3. Bb5 a6 4. Ba4 Nf6 5. 0-0 b5 6. Bb3 Bb7 7. d4 Nxd4 8. Bxf7+ Kxf7 9. Nxe5+ Kg8 10. Qxd4 c5 11. Qd3 Qe8 12. Bf4 Bxe4 13. Qd2 d6 14. Nf3 Qc6 15. Nc3 h6 16. Rad1 Bxf3 17. gxf3 Qxf3 18. Bxd6 Bxd6 19. Qxd6 Qg4+ 20. Qg3 Qxg3+ 21. fxg3 Kh7 22. Nd5 Rhf8 23. Nxf6+ Rxf6 24. Rxf6 gxf6 25. b3 Kg6 26. Rd5 Rc8 27. c4 Rc6 28. h4 bxc4 29. bxc4 Rb6 30. Rxc5 Rb1+ 31. Kf2 Rb2+ 32. Ke3 Rxa2 33. Ke4 h5 34. Rc8 Ra3 35. c5 Kf7 36. Kd5 Rd3+ 37. Kc6 Rxg3 38. Rh8 a5 39. Kb5 a4 40. c6 Rc3 41. c7 1-0

[Event "CZE-chT2A 1516"]
[Site "Czech Republic"]
[Date "2016.04.03"]
[Round "10.2"]
[White "Haman, Jakub"]
[Black "Vichnar, David"]
[Result "1/2-1/2"]
[WhiteElo "2151"]
[BlackElo "2333"]
[PlyCount "134"]
[EventDate "2015.10.18"]
[EventType "team-tourn"]
[EventRounds "11"]
[EventCountry "CZE"]
[SourceTitle "EXT 2022"]
[Source "ChessBase"]
[SourceDate "2021.10.06"]
[SourceVersion "1"]
[SourceVersionDate "2021.10.06"]
[SourceQuality "1"]
[WhiteTeam "Kladno"]
[BlackTeam "Vysehrad II"]
[WhiteTeamCountry "CZE"]
[BlackTeamCountry "CZE"]

1. e4 c5 2. Nf3 e6 3. d4 cxd4 4. Nxd4 Nc6 5. Nc3 Qc7 6. Be2 Nf6 7. 0-0 a6 8. Be3 Bb4 9. Na4 0-0 10. Qd3 b5 11. Nxc6 dxc6 12. Bc5 Rd8 13. Qg3 Ba5 14. Qxc7 Bxc7 15. Nb6 Rb8 16. Nxc8 Rbxc8 17. f3 Be5 18. Rab1 g5 19. g3 Bd4+ 20. Bxd4 Rxd4 21. Rfd1 Rcd8 22. c3 R4d7 23. Rxd7 Rxd7 24. Rd1 Kf8 25. Kf2 Ke7 26. Ke3 Rxd1 27. Bxd1 e5 28. b4 Nd7 29. Bb3 f6 30. a4 Kd6 31. c4 bxc4 32. Bxc4 Nb6 33. Bxa6 Nxa4 34. Bc4 Nb6 35. Kd3 Nc8 36. Ke3 Kc7 37. Kd3 Nd6 38. Be6 Kb6 39. Bc4 h6 40. Be6 Nb5 41. Bc4 Nd4 42. f4 gxf4 43. gxf4 Nf3 44. fxe5 fxe5 45. h3 Ng5 46. h4 Nf3 47. h5 Ng5 48. Ke3 Nh7 49. Be2 Nf6 50. Kd3 c5 51. bxc5+ Kxc5 52. Bf3 Kd6 53. Kc4 Nh7 54. Bg4 Nf6 55. Bf3 Ke6 56. Kc5 Ne8 57. Kc6 Kf6 58. Kd7 Ng7 59. Kd6 Ne6 60. Bg4 Nd4 61. Bd7 Ne2 62. Bf5 Nf4 63. Bg6 Nd3 64. Kd7 Nf4 65. Kd6 Nxg6 66. hxg6 h5 67. g7 Kxg7 1/2-1/2

[Event "CZE-chT2A 1516"]
[Site "Czech Republic"]
[Date "2015.11.08"]
[Round "2.3"]
[White "Haman, Jakub"]
[Black "Soukup, Alois"]
[Result "1/2-1/2"]
[WhiteElo "2151"]
[BlackElo "2140"]
[PlyCount "66"]
[EventDate "2015.10.18"]
[EventType "team-tourn"]
[EventRounds "11"]
[EventCountry "CZE"]
[SourceTitle "EXT 2022"]
[Source "ChessBase"]
[SourceDate "2021.10.06"]
[SourceVersion "1"]
[SourceVersionDate "2021.10.06"]
[SourceQuality "1"]
[WhiteTeam "Kladno"]
[BlackTeam "Plzen Kosutka"]
[WhiteTeamCountry "CZE"]
[BlackTeamCountry "CZE"]

1. e4 c5 2. c3 Nc6 3. Nf3 g6 4. d4 cxd4 5. cxd4 Bg7 6. Nc3 d6 7. Bb5 a6 8. Ba4 b5 9. Bb3 Nf6 10. 0-0 Bg4 11. Be3 0-0 12. h3 Bd7 13. d5 Na5 14. Bd4 Nxb3 15. Qxb3 Rc8 16. Rfe1 Qc7 17. Rad1 Qc4 18. Qxc4 Rxc4 19. e5 dxe5 20. Nxe5 Rc7 21. Bb6 Rb7 22. Bc5 Re8 23. b4 h5 24. Re2 e6 25. d6 Rc8 26. Kf1 Bc6 27. Red2 Bd5 28. h4 Bf8 29. Rd3 Rd8 30. Nxd5 Nxd5 31. Nc6 Rc8 32. Ne5 Rd8 33. Nc6 Rc8 1/2-1/2

[Event "CZE-chT2A 1415"]
[Site "Czech Republic"]
[Date "2015.01.25"]
[Round "6.3"]
[White "Haman, Jakub"]
[Black "Bauma, Jiri"]
[Result "1-0"]
[WhiteElo "2179"]
[BlackElo "2225"]
[PlyCount "71"]
[EventDate "2014.11.02"]
[EventType "team-tourn"]
[EventRounds "11"]
[EventCountry "CZE"]
[SourceTitle "EXT 2022"]
[Source "ChessBase"]
[SourceDate "2021.10.06"]
[SourceVersion "1"]
[SourceVersionDate "2021.10.06"]
[SourceQuality "1"]
[WhiteTeam "Kladno"]
[BlackTeam "Praha Dukla"]
[WhiteTeamCountry "CZE"]
[BlackTeamCountry "CZE"]

1. e4 c5 2. Nf3 Nc6 3. Bb5 Nd4 4. Nxd4 cxd4 5. 0-0 a6 6. Bc4 e6 7. d3 Ne7 8. Bg5 f6 9. Bh4 b5 10. Bb3 g5 11. f4 gxh4 12. Qh5+ Ng6 13. f5 Bg7 14. fxg6 hxg6 15. Qxg6+ Kf8 16. Nd2 Rh6 17. Qg4 e5 18. Bd5 d6 19. Qe2 Ra7 20. Nf3 h3 21. Rf2 Bg4 22. Kh1 Qc8 23. Rg1 Rc7 24. gxh3 Rxh3 25. Qf1 Bxf3+ 26. Rxf3 Rxf3 27. Qxf3 Rc5 28. Bb3 Qd7 29. Qh5 d5 30. Qh7 a5 31. Bxd5 Rxd5 32. Rxg7 Qxg7 33. Qxg7+ Kxg7 34. exd5 f5 35. h4 e4 36. h5 1-0

[Event "CZE-ch U20 sf"]
[Site "Frydek Mistek"]
[Date "2014.11.22"]
[Round "9"]
[White "Dobes, Vojtech"]
[Black "Haman, Jakub"]
[Result "1-0"]
[WhiteElo "2116"]
[BlackElo "2179"]
[PlyCount "97"]
[EventDate "2014.11.16"]
[EventType "swiss"]
[EventRounds "9"]
[EventCountry "CZE"]
[SourceTitle "CBM 163 Extra"]
[Source "ChessBase"]
[SourceDate "2014.12.23"]
[SourceVersion "1"]
[SourceVersionDate "2014.12.23"]
[SourceQuality "1"]

1. e4 c5 2. Nf3 d6 3. d4 cxd4 4. Nxd4 Nf6 5. Nc3 Nc6 6. Bg5 e6 7. Qd2 Be7 8. f3 Qa5 9. Nb3 Qb6 10. 0-0-0 0-0 11. Kb1 Rd8 12. Nd4 Bd7 13. Bc4 Rac8 14. Bb3 a6 15. Be3 Qc7 16. Na4 Ne5 17. Qc3 Bxa4 18. Qxc7 Rxc7 19. Bxa4 Nc4 20. Bf2 d5 21. exd5 Nxd5 22. Ne2 b5 23. Bb3 Rcd7 24. Bxc4 bxc4 25. c3 Bf6 26. Kc2 g6 27. g3 Kg7 28. Rhe1 e5 29. f4 e4 30. Nd4 Re8 31. Be3 Bd8 32. Nc6 Nxe3+ 33. Rxe3 Rd3 34. Re2 Bc7 35. b3 cxb3+ 36. axb3 Rxd1 37. Kxd1 f5 38. Kc2 Kf6 39. Nb4 Ke6 40. Nxa6 Bb6 41. b4 Ra8 42. b5 Kd5 43. Kb3 Rc8 44. Rd2+ Ke6 45. c4 Ba5 46. Nb4 Bb6 47. Nd5 Bc5 48. Ra2 e3 49. Nxe3 1-0

[Event "CZE-ch U20 sf"]
[Site "Frydek Mistek"]
[Date "2014.11.20"]
[Round "7"]
[White "Haman, Jakub"]
[Black "Liska, Jiri2222"]
[Result "1-0"]
[WhiteElo "2179"]
[BlackElo "1995"]
[PlyCount "83"]
[EventDate "2014.11.16"]
[EventType "swiss"]
[EventRounds "9"]
[EventCountry "CZE"]
[SourceTitle "CBM 163 Extra"]
[Source "ChessBase"]
[SourceDate "2014.12.23"]
[SourceVersion "1"]
[SourceVersionDate "2014.12.23"]
[SourceQuality "1"]

1. e4 Nf6 2. e5 Nd5 3. d4 d6 4. exd6 cxd6 5. c4 Nb6 6. Be3 g6 7. Qd2 Bg7 8. Bh6 Bf6 9. Nc3 Nc6 10. Nf3 Bg4 11. Ne4 Bxf3 12. Nxf6+ exf6 13. gxf3 Qe7+ 14. Be3 0-0 15. 0-0-0 Rfc8 16. Kb1 d5 17. c5 Nc4 18. Bxc4 dxc4 19. d5 Ne5 20. Qc3 b6 21. c6 b5 22. d6 Qe6 23. c7 a5 24. Qd4 Nd7 25. Rhe1 Qf5+ 26. Qe4 Qxe4+ 27. fxe4 Re8 28. f3 h5 29. Rd5 Re6 30. Red1 f5 31. e5 f6 32. f4 Kf7 33. Rxb5 Ke8 34. Rxa5 Rc8 35. b4 cxb3 36. axb3 fxe5 37. fxe5 Rxe5 38. Rxe5+ Nxe5 39. Bf4 Nd7 40. Re1+ Kf8 41. Re7 Nb6 42. Bh6+ 1-0

[Event "Arber op 3rd"]
[Site "Bayerisch Eisenstein"]
[Date "2014.08.20"]
[Round "5"]
[White "Bader, Gerd"]
[Black "Haman, Jakub"]
[Result "1/2-1/2"]
[WhiteElo "2011"]
[BlackElo "2181"]
[PlyCount "162"]
[EventDate "2014.08.16"]
[EventType "swiss"]
[EventRounds "9"]
[EventCountry "GER"]
[SourceTitle "CBM 161 Extra"]
[Source "ChessBase"]
[SourceDate "2014.08.29"]
[SourceVersion "1"]
[SourceVersionDate "2014.08.29"]
[SourceQuality "1"]

1. e4 c6 2. d3 d5 3. Nd2 e5 4. Ngf3 Bd6 5. d4 exd4 6. exd5 Ne7 7. Nxd4 Nxd5 8. N2f3 0-0 9. Be2 Nf4 10. Bxf4 Bxf4 11. 0-0 c5 12. Nb5 a6 13. Qxd8 Rxd8 14. Rfd1 Nc6 15. Rxd8+ Nxd8 16. Nc3 Bf5 17. Nd5 Bd6 18. Nb6 Rb8 19. Rd1 Be7 20. Nd5 Bf8 21. Ne3 Be6 22. Ng5 b5 23. Nxe6 Nxe6 24. c3 g6 25. g3 c4 26. Ng4 Bg7 27. Rd5 Rc8 28. Ne3 Kf8 29. Kg2 Ke7 30. f4 Nc5 31. Kf3 Na4 32. Rd2 f5 33. h3 Rd8 34. Rxd8 Kxd8 35. Nd1 Kd7 36. Ke3 Kd6 37. Kd2 h5 38. h4 Bf8 39. Bf3 Nc5 40. Nf2 Be7 41. Kc2 Bd8 42. b4 cxb3+ 43. axb3 Bb6 44. b4 Nd7 45. Nd3 a5 46. bxa5 Bxa5 47. Kd2 Bd8 48. Bb7 Bf6 49. Ba6 Kc6 50. Bc8 Nf8 51. Nb4+ Kd6 52. Ba6 Kc5 53. Kd3 Ne6 54. Bc8 Kd6 55. Bxe6 Kxe6 56. c4 Be7 57. Nc2 b4 58. Nd4+ Kd6 59. Nb3 Bf6 60. Nd2 Bd8 61. Nf3 Bb6 62. Ne5 Bf2 63. Nxg6 Bxg3 64. Kc2 Kc5 65. Kb3 Be1 66. Ne7 Bxh4 67. Nxf5 Be1 68. Ng7 h4 69. Ne6+ Kd6 70. Ng5 Bg3 71. f5 Ke7 72. c5 Kf6 73. Nh3 Be5 74. Kxb4 Kxf5 75. Kc4 Kg4 76. Ng1 Kg3 77. Kd3 Kg2 78. Ke4 Bc7 79. Nf3 h3 80. Ne1+ Kg3 81. Nf3 Kg2 1/2-1/2

[Event "CZE-chT2A 1314"]
[Site "Czech Republic"]
[Date "2014.03.02"]
[Round "9.2"]
[White "Svatos, Jan"]
[Black "Haman, Jakub"]
[Result "1-0"]
[WhiteElo "2305"]
[BlackElo "2182"]
[PlyCount "89"]
[EventDate "2013.11.03"]
[EventType "team-tourn"]
[EventRounds "11"]
[EventCountry "CZE"]
[SourceTitle "EXT 2015"]
[Source "ChessBase"]
[SourceDate "2014.11.20"]
[SourceVersion "1"]
[SourceVersionDate "2014.11.20"]
[SourceQuality "1"]
[WhiteTeam "Praha Vrsovice"]
[BlackTeam "Kladno"]
[WhiteTeamCountry "CZE"]
[BlackTeamCountry "CZE"]

1. d4 d5 2. Nf3 Nf6 3. Bf4 e6 4. e3 Bd6 5. Nbd2 Bxf4 6. exf4 Qd6 7. g3 b6 8. c3 0-0 9. Bd3 c5 10. 0-0 Ba6 11. Qe2 Bxd3 12. Qxd3 Nc6 13. Ne5 Rac8 14. Nxc6 Rxc6 15. Nf3 Ne4 16. a4 Rb8 17. Kg2 g6 18. Rfe1 c4 19. Qc2 a6 20. h4 b5 21. Ne5 Rc7 22. axb5 axb5 23. f3 Nf6 24. g4 b4 25. h5 Kg7 26. hxg6 hxg6 27. Rh1 bxc3 28. bxc3 Rcb7 29. Qc1 Ng8 30. g5 Rb2+ 31. Kg1 R8b7 32. Qe1 Qb8 33. Qh4 Kf8 34. Qh7 Rc2 35. Re1 Qa7 36. Rh6 Nxh6 37. gxh6 Rbb2 38. Qg7+ Ke7 39. Qxf7+ Kd6 40. Nxc4+ dxc4 41. Rxe6+ Kd5 42. Re7+ Kc6 43. Qxc4+ Kb6 44. Qc5+ Ka6 45. Rxa7# 1-0

[Event "CZE-chT2A 1314"]
[Site "Czech Republic"]
[Date "2014.02.02"]
[Round "7.2"]
[White "Havlik, Jan"]
[Black "Haman, Jakub"]
[Result "1/2-1/2"]
[WhiteElo "2323"]
[BlackElo "2182"]
[PlyCount "51"]
[EventDate "2013.11.03"]
[EventType "team-tourn"]
[EventRounds "11"]
[EventCountry "CZE"]
[SourceTitle "EXT 2015"]
[Source "ChessBase"]
[SourceDate "2014.11.20"]
[SourceVersion "1"]
[SourceVersionDate "2014.11.20"]
[SourceQuality "1"]
[WhiteTeam "Pisek"]
[BlackTeam "Kladno"]
[WhiteTeamCountry "CZE"]
[BlackTeamCountry "CZE"]

1. e4 d6 2. d4 Nf6 3. Nc3 g6 4. Be3 c6 5. f3 Nbd7 6. Bc4 Qa5 7. Bb3 Bg7 8. Qd2 c5 9. Nge2 0-0 10. h4 b5 11. e5 cxd4 12. Nxd4 Nxe5 13. Ncxb5 Qxd2+ 14. Kxd2 h5 15. Bf4 Bb7 16. Rad1 a6 17. Nc3 Rac8 18. Kc1 Nc4 19. Bg5 d5 20. Bxc4 Rxc4 21. Nb3 Ba8 22. Na5 Rc5 23. Nb3 Rc4 24. Na5 Rc5 25. Nb3 Rc4 26. Na5 1/2-1/2